[Event "Lusaka zt 4.5"]
[Site "Lusaka"]
[Date "2024.08.14"]
[Round "5"]
[White "Phiri, Godwin"]
[Black "Samuel, Mulenga"]
[Result "1-0"]
[WhiteElo "2178"]
[BlackElo "1979"]
[PlyCount "100"]
[EventDate "2024.08.12"]
[EventType "swiss"]
[EventRounds "9"]
[EventCountry "ZAM"]
[SourceTitle "CBM 221 Extra"]
[Source "ChessBase"]
[SourceDate "2024.09.30"]
[SourceVersion "1"]
[SourceVersionDate "2024.09.30"]
[SourceQuality "1"]

1. c4 Nf6 2. g3 e6 3. Bg2 d5 4. cxd5 exd5 5. Nf3 Be7 6. b3 0-0 7. 0-0 b6 8. d4 Bb7 9. Nc3 Nbd7 10. Bf4 a6 11. Rc1 Rc8 12. Bh3 c5 13. Na4 c4 14. Be3 b5 15. Nc5 Nxc5 16. dxc5 Bxc5 17. Bxc8 Qxc8 18. Bxc5 Qxc5 19. Qd4 Qc7 20. a4 Re8 21. axb5 axb5 22. Rc2 h6 23. Ra1 Re4 24. Qd2 Bc6 25. Nd4 Bd7 26. f3 Re8 27. Rca2 c3 28. Qd3 b4 29. Kg2 Qe5 30. Ra8 g6 31. Rxe8+ Qxe8 32. Kf2 Qe5 33. Qe3 Qh5 34. Kg1 Kg7 35. Ra7 Bh3 36. Ra4 c2 37. Ra1 Bf5 38. Rc1 Qh3 39. Qe5 Qh5 40. Nxf5+ Qxf5 41. Qxf5 gxf5 42. Rxc2 Nd7 43. Rc7 Ne5 44. Rc5 Kf6 45. Rxd5 Ke6 46. Rd4 Nc6 47. Rc4 Kd5 48. Kf2 f6 49. Ke3 h5 50. Kf2 Ke5 1-0

[Event "Lusaka zt 4.5"]
[Site "Lusaka"]
[Date "2024.08.13"]
[Round "3"]
[White "Mwape, William"]
[Black "Samuel, Mulenga"]
[Result "0-1"]
[WhiteElo "2169"]
[BlackElo "1979"]
[PlyCount "94"]
[EventDate "2024.08.12"]
[EventType "swiss"]
[EventRounds "9"]
[EventCountry "ZAM"]
[SourceTitle "CBM 221 Extra"]
[Source "ChessBase"]
[SourceDate "2024.09.30"]
[SourceVersion "1"]
[SourceVersionDate "2024.09.30"]
[SourceQuality "1"]

1. e4 d6 2. d4 Nf6 3. Nc3 e5 4. Bg5 c6 5. Qd2 h6 6. Bh4 Be7 7. f3 Qb6 8. dxe5 dxe5 9. 0-0-0 0-0 10. Bxf6 Bxf6 11. h4 Rd8 12. Bd3 Be6 13. g4 Be7 14. g5 h5 15. g6 fxg6 16. f4 Bc5 17. Kb1 Be3 18. Qg2 Bxf4 19. Qxg6 Bf7 20. Qg2 Nd7 21. Nge2 Bh6 22. Rdf1 Rf8 23. Ng3 Nf6 24. Nf5 Ng4 25. Be2 Ne3 26. Nxh6+ Kh7 27. Qg5 gxh6 28. Qe7 Nxf1 29. Rxf1 Kg8 30. Qxe5 Rae8 31. Qg3+ Kh8 32. b3 Qd4 33. Rf5 Qg7 34. Qf4 Bg6 35. Rxf8+ Rxf8 36. Qe3 Kh7 37. Kb2 b5 38. Qc5 Bxe4 39. a3 a5 40. Kc1 Bg6 41. Qxc6 b4 42. axb4 axb4 43. Nb1 Qd4 44. Qb5 Qxh4 45. Nd2 Qe1+ 46. Bd1 h4 47. Qxb4 Rf7 0-1